000 01053nam a22002777a 4500
999 _c4849
_d4849
003 AR-CdUCM
008 190311b ||||| |||| 00| 0 spa d
040 _aMUNICIPALIDAD PROVINCIAL DEL CUSCO
_cBIBLIOTECA MUNICIPAL DEL CUSCO
041 _heng
082 _a301 /
_bM12
_22ed.
100 _aMac Iver, Robert M.
_914934
245 _aSociología /
260 _aMadrid :
_bTecnos,
_c1969.
300 _aVXI, 717 páginas ;
_bdiagramas,
_c23 cm.
440 _aColección de Ciencias Sociales serie de Sociología.
_914935
500 _a3era edicion
505 _aContenido: Introducción a la Sociedad -- Conceptos primarios -- Los intereses y las actitudes -- El individuo y la sociedad -- La sociedad y el medio ambiente -- El medio ambiente y la vida ...
650 _aSociología
_9276
650 _aMedio ambiente
_97215
650 _aGrupos étnicos y raciales
_914936
650 _aClase social
_91110
700 _aPage, Charles H.
_914937
700 _aCazorla Perez, José (traducción)
_914938
942 _2ddc
_cLIBROS
945 _aachl